| 000 | 00439nam a22001817a 4500 | ||
|---|---|---|---|
| 003 | LK-CoMWRAF | ||
| 005 | 20231117205250.0 | ||
| 008 | 231117b |||||||| |||| 00| 0 eng d | ||
| 020 | _a0140185488 | ||
| 040 |
_aLK-CoMWRAF _dLK-CoMWRAF _eLK-CoMWRAF |
||
| 041 | _aeng | ||
| 082 |
_a823 _bNAR |
||
| 100 | _aNarayan, R. K. | ||
| 245 | _aThe Man-eater of malgudi | ||
| 260 |
_b Viking Adult _c1961 |
||
| 650 | _aChildren books | ||
| 942 | _cBK | ||
| 999 |
_c4113 _d4113 |
||